| 000 | 00667nam a2200181Ia 4500 | ||
|---|---|---|---|
| 003 | OSt | ||
| 005 | 20260331094803.0 | ||
| 008 | 211028s2010 xx 000 0 und d | ||
| 040 | _cAIMIT LIBRARY | ||
| 041 | _aeng | ||
| 082 | _a658.3 DSOA | ||
| 100 |
_aDsouza, Ashley;Krishnan, Renjith. _g816066 _96568 |
||
| 245 | _aTo identify the factors restricting the hoteliers to update the technology and to strategize the methods to tap the hoteliers in Dakshina Kannada and Udupi districts for axix rooms, bangalore / | ||
| 260 |
_bKrishnan, Renjith _c2010 |
||
| 600 |
_aHuman Resource Management _96569 |
||
| 650 |
_aHuman Resource Management _96570 |
||
| 942 |
_2ddc _cPRO |
||
| 999 |
_c218281 _d218281 |
||